000 01983cam a2200289 4500500
005 20251228100122.0
041 _afre
042 _adc
100 1 0 _aBouhallier, Gaspard
_eauthor
245 0 0 _aEntre l’hôpital et la famille
260 _c2025.
500 _a34
520 _aAt the dawn of the 1960s, as the French Ministry of Health was seeking to humanize psychiatric institutions, almost a third of Parisian patients were nonetheless still interned in provincial hospitals. Through a study of the archives of a prefect in the Seine region, this article analyzes the inspection of psychiatric establishments on a micro-scale. The inspections carried out by the prefect Louis Lesueur reveal the techniques used to monitor an institutionalized population and the departmental administration’s interference in family relationships.
520 _aAlors qu’à l’orée des années 1960, le ministère de la Santé cherche à humaniser les institutions psychiatriques, près d’un tiers des patients parisiens demeure interné dans des établissements hospitaliers de province. À travers l’étude des archives d’un préfet de la Seine, cet article entend analyser à une échelle micro la pratique des inspections des établissements psychiatriques. Les inspections effectuées par le préfet Louis Lesueur nous permettent de dévoiler les techniques de surveillance d’une population institutionnalisée et l’immixtion de l’administration départementale dans les relations familiales.
690 _aFrance
690 _ahôpitaux psychiatriques
690 _ainspecter
690 _apréfet
690 _avisiter
690 _aFrance
690 _ainspect
690 _aprefect
690 _apsychiatric hospitals
690 _avisit
786 0 _n20 & 21. Revue d'histoire | 167 | 3 | 2025-12-09 | p. 51-67 | 2649-664X
856 4 1 _uhttps://shs.cairn.info/revue-20-21-revue-dhistoire-2025-3-page-51?lang=fr&redirect-ssocas=7080
999 _c1606145
_d1606145